000 00315nam a22001337a 4500
008 170220b xxu||||| |||| 00| 0 eng d
020 _a9780071375504
041 _aeng
080 _25TH
_a615
100 _a5
101 _aSHF
245 _aAPPLIED BIOPHARMACEUTICS & PHARMACOKINETICS
_cSHARGEL, L
942 _2udc
_cBK
999 _c5773
_d5773